Normal view
MARC view
- Social sciences
Entry Topical Term
001 - CONTROL NUMBER
- control field: 112447
003 - CONTROL NUMBER IDENTIFIER
- control field: NUST
005 - DATE AND TIME OF LATEST TRANSACTION
- control field: 20230518120244.0
008 - FIXED-LENGTH DATA ELEMENTS
- fixed length control field: 230518|| aca||aabn | a|a d
040 ## - CATALOGING SOURCE
- Original cataloging agency: NUST
- Transcribing agency: NUST
150 ## - HEADING--TOPICAL TERM
- Topical term or geographic name entry element: Social sciences
- General subdivision: Research
- General subdivision: Study and teaching (Higher)
670 ## - SOURCE DATA FOUND
- Source citation: Work cat.: (NUST)0: Saldaña, Johnny, author. 14696, Qualitative research :
